|
|
|
|
| LEADER |
00000nam0a2200000 4500 |
| 001 |
252375 |
| 005 |
20231101232738.0 |
| 010 |
|
|
|a 9785788214368
|
| 035 |
|
|
|a (RuTPU)RU\TPU\book\274708
|
| 090 |
|
|
|a 252375
|
| 100 |
|
|
|a 20140303d2013 m y0rusy50 ca
|
| 101 |
0 |
|
|a rus
|
| 102 |
|
|
|a RU
|
| 105 |
|
|
|a a j 001zy
|
| 200 |
1 |
|
|a Химия и технология продуктов тонкого органического синтеза
|e учебное пособие
|f С. В. Бухаров, Г. Н. Нугуманова
|g Казанский национальный исследовательский технологический университет (КНИТУ)
|
| 210 |
|
|
|a Казань
|c Изд-во КНИТУ
|d 2013
|
| 215 |
|
|
|a 267 с.
|c ил.
|
| 320 |
|
|
|a Библиогр.: с. 221-224.
|
| 330 |
|
|
|a Рассмотрены физико-химические свойства, сырьевая база, химические закономерности протекания основных и побочных процессов получения, технологические схемы производства, области применения стабилизаторов полимеров, присадок к смазочным маслам и топливам, поверхностно-активных веществ, кремний-, фосфор- и металлоорганических соединений. Изложены теоретические основы процесса старения полимеров и механизмов действия стабилизаторов и присадок к смазочным маслам и топливам, дана классификация поверхностно-активных веществ, показано важное значение элементоорганических соединений в технологии современного тонкого органического синтеза. Предназначено для магистров, обучающихся по направлению 240100.68 «Химическая технология» по программе «Химия и технология продуктов тонкого органического синтеза», изучающих дисциплины «Химия тонкого органического синтеза», «Технология тонкого органического синтеза». Подготовлено на кафедре технологии основного органического и нефтехимического синтеза. Печатается по решению редакционно-издательского совета Казанского национального исследовательского технологического университета
|
| 606 |
1 |
|
|a Органический синтез, тонкий
|x Производство
|2 stltpush
|3 (RuTPU)RU\TPU\subj\32396
|9 54959
|
| 610 |
1 |
|
|a полимеры
|
| 610 |
1 |
|
|a смазочные масла
|
| 610 |
1 |
|
|a топливо
|
| 610 |
1 |
|
|a химические добавки
|
| 610 |
1 |
|
|a старение
|
| 610 |
1 |
|
|a аминные стабилизаторы
|
| 610 |
1 |
|
|a фенольные стабилизаторы
|
| 610 |
1 |
|
|a фосфорсодержащие стабилизаторы
|
| 610 |
1 |
|
|a металлсодержащие стабилизаторы
|
| 610 |
1 |
|
|a присадки
|
| 610 |
1 |
|
|a ПАВ
|
| 610 |
1 |
|
|a поверхностно-активные вещества
|
| 610 |
1 |
|
|a физико-химические свойства
|
| 610 |
1 |
|
|a элементоорганические соединения
|
| 610 |
1 |
|
|a кремнийорганические соединения
|
| 610 |
1 |
|
|a фосфорорганические соединения
|
| 610 |
1 |
|
|a металлоорганические соединения
|
| 610 |
1 |
|
|a учебные пособия
|
| 675 |
|
|
|a 661.7(075.8)
|v 3
|
| 700 |
|
1 |
|a Бухаров
|b С. В.
|
| 701 |
|
1 |
|a Нугуманова
|b Г. Н.
|
| 712 |
0 |
2 |
|a Казанский национальный исследовательский технологический университет (КНИТУ)
|c (2011- )
|2 stltpush
|3 (RuTPU)RU\TPU\col\18269
|
| 801 |
|
1 |
|a RU
|b 63413507
|c 20140303
|
| 801 |
|
2 |
|a RU
|b 63413507
|c 20220422
|g RCR
|
| 900 |
|
|
|a Химия тонкого органического синтеза
|
| 942 |
|
|
|c BK
|